| 000 | 01002nam a2200265 a 4500 | ||
|---|---|---|---|
| 001 | 41416 | ||
| 003 | BD-RjUL | ||
| 005 | 20211209053402.0 | ||
| 008 | 160530s1985 bg ||||| |||| 00| 0 ben d | ||
| 020 | _c: Tk 18.00 | ||
| 035 | _a(BD-RjUL)41533 | ||
| 040 |
_aBD-RjUL _bben _cBD-RjUL |
||
| 041 | _aben | ||
| 082 |
_223 _a928.9144 _bMOK 1985 |
||
| 100 |
_aমঈনউদ্দিন, গোলাম _9124508 |
||
| 245 | 1 | 0 |
_aকবি ফররুখ আহমদ : ঐতিহ্যের নবমূল্যায়ন / _cগোলাম মঈনউদ্দিন |
| 250 | _a২য় সং. | ||
| 260 |
_aঢাকা : _bইসলামিক ফাউন্ডেশন, _c১৯৮৫ |
||
| 300 |
_a[১৬], ১২৮ পৃ. ; _c২১ সেমি. |
||
| 600 |
_aআহমদ, ফররুখ, _9127321 |
||
| 600 |
_cAhmad, Farrukh, _9127322 |
||
| 600 |
_cBegali Literature _9127323 |
||
| 600 |
_cবাংলা সাহিত্য _9127325 |
||
| 942 |
_2ddc _cBK |
||
| 999 |
_c41416 _d41416 |
||